000 00828cam a22002535a 4500
001 16127780
005 20180201034814.0
008 100310s2010 nyua b 001 0 eng
010 _a 2009220254
020 _a9780558570170 (alk. paper)
020 _a0558570178 (alk. paper)
040 _aDLC
_cDLC
_dDLC
041 _aeng
043 _an-us---
080 _a37 ESP
082 _a37 ESP
100 1 _a47
101 _aEDU
245 1 0 _aGetting it RIGHT for young children from diverse backgrounds :
_cLinda M. Espinosa.
504 _aIncludes bibliographical references and index.
906 _a7
_bcbc
_corigres
_d2
_encip
_f20
_gy-gencatlg
942 _2ddc
_cBK
999 _c41463
_d41463